|
|
|
|
| LEADER |
00885nam a22002171 4500 |
| 001 |
c000201460 |
| 003 |
CARM |
| 005 |
20021125001900.0 |
| 008 |
851113s1971 vs 00000 vie d |
| 019 |
1 |
|
|a 4120562
|5 LACONCORD2021
|
| 035 |
|
|
|a (OCoLC)3918319
|5 LACONCORD2021
|
| 245 |
0 |
0 |
|a Đinh-Lưu-Tú diễn ca :
|b tuồng hát bội /
|c Đỗ-Nhật-Tân phiên-âm và chú-giaỉ.
|
| 260 |
|
|
|a Saigon :
|b Phủ Quõc-vụ-khanh đặc trách Văn-h oa,
|c 1971.
|
| 300 |
|
|
|a 276, cxxviii p. ;
|c 24 cm.
|
| 440 |
|
0 |
|a Tủ sách cổ văn
|
| 500 |
|
|
|a Text in Vietnamese and Chinese.
|
| 650 |
|
0 |
|a Vietnamese drama
|y 19th century.
|
| 852 |
8 |
|
|b CARM
|h A2:AK08A0
|i B06052
|p 0284553
|f BK
|
| 082 |
0 |
4 |
|a 895.922208
|
| 999 |
f |
f |
|i cd139abb-62b2-5a45-8dc2-34bae0ab5e76
|s 2541e34f-a492-5392-ae99-9016f196bc3a
|
| 952 |
f |
f |
|p Can circulate
|a CAVAL
|b CAVAL
|c CAVAL
|d CARM 1 Store
|e B06052
|f A2:AK08A0
|h Other scheme
|i book
|m 0284553
|